| 000 | 00460nam a2200145Ia 4500 | ||
|---|---|---|---|
| 008 | 151015s9999 xx 000 0 und d | ||
| 020 | _a763733253 | ||
| 050 | _aRB155.7 .J46 2004 | ||
| 245 | _aJenkins,Jean F | ||
| 250 | _a_Nursing care in the Genomic Era a case -based approach Jean F Jenkins | ||
| 300 | _aMassasetts Jones and Barlet publishers 2004 | ||
| 500 | _aIncludes index. | ||
| 650 | _a_Genetic counseling | ||
| 700 | _a^d20130514 01:12:06^oanne | ||
| 999 |
_c4318 _d4318 |
||